Microprocessors: a programmer's view. / (Record no. 6730)
[ view plain ]
| 000 -LEADER | |
|---|---|
| fixed length control field | 00961nam a22001697a 4500 |
| 008 - FIXED-LENGTH DATA ELEMENTS--GENERAL INFORMATION | |
| fixed length control field | 181011b xxu||||| |||| 00| 0 eng d |
| 020 ## - INTERNATIONAL STANDARD BOOK NUMBER | |
| International Standard Book Number | 0070166390 |
| 050 ## - LIBRARY OF CONGRESS CALL NUMBER | |
| Classification number | QA76.6.D515 |
| 100 ## - MAIN ENTRY--PERSONAL NAME | |
| Personal name | Dewar, Robert B. K. |
| 245 ## - TITLE STATEMENT | |
| Title | Microprocessors: a programmer's view. / |
| Statement of responsibility, etc. | Robert B. K. Dewar. |
| 260 ## - PUBLICATION, DISTRIBUTION, ETC. | |
| Place of publication, distribution, etc. | New York : |
| Name of publisher, distributor, etc. | Mcgraw-Hill, |
| Date of publication, distribution, etc. | 1990. |
| 300 ## - PHYSICAL DESCRIPTION | |
| Extent | xviii, 462 p. : |
| Other physical details | ill. ; |
| Dimensions | 24 cm. |
| 500 ## - GENERAL NOTE | |
| General note | Includes glossary, bibliography and index. |
| 505 ## - FORMATTED CONTENTS NOTE | |
| Formatted contents note | Contents: Microprocessors -- Introduction to the 80386 -- Addressing and memory on the 80386 -- Tasking, virtual memory, and exceptions on the 80386 -- Microprocessors and floating-point arithmetic -- The 68030 user programming model -- The 68030 supervisor state -- An introduction to RISC architectures -- The MIPS processors -- The SPARC architecture -- The intel i860 -- The IBM RISC chips --The INMOS transputer -- The future of microprocessor design. |
| 700 ## - ADDED ENTRY--PERSONAL NAME | |
| Personal name | Smosna, Matthew. |
| 942 ## - ADDED ENTRY ELEMENTS (KOHA) | |
| Source of classification or shelving scheme | Library of Congress Classification |
| Koha item type | Books |
| Withdrawn status | Lost status | Source of classification or shelving scheme | Damaged status | Not for loan | Home library | Current library | Shelving location | Date acquired | Total Checkouts | Full call number | Barcode | Date last seen | Copy number | Price effective from | Koha item type |
|---|---|---|---|---|---|---|---|---|---|---|---|---|---|---|---|
| Library of Congress Classification | WISCONSIN INTERNATIONAL UNIVERSITY COLLEGE, GHANA - MAIN LIBRARY | WISCONSIN INTERNATIONAL UNIVERSITY COLLEGE, GHANA - MAIN LIBRARY | Reference | 11/10/2018 | QA76.6.D515 | 8372/192/18 | 11/10/2018 | 1 | 11/10/2018 | Books |
